| 000 | 00923cam a2200313 i 4500 | ||
|---|---|---|---|
| 001 | 200463448 | ||
| 003 | TR-AnTOB | ||
| 005 | 20250115093214.0 | ||
| 007 | ta | ||
| 008 | 250115t20142014tu 000 0 tur d | ||
| 020 | _a9789754648461 | ||
| 040 |
_aTR-AnTOB _beng _erda _cTR-AnTOB |
||
| 041 | 0 | _atur | |
| 050 | 4 |
_aKJA2590 _b.S2956 2014 |
|
| 090 |
_aKJA2590 _b.S2956 2014 |
||
| 100 | 1 |
_aSayın Korkmaz, Bengi _eauthor _9147870 |
|
| 245 | 1 | 0 |
_aRoma hukuku’nda vekalet sözleşmesi : _b(mandatum) / _cDr. S. Bengi Sayın Korkmaz. |
| 246 | 1 | 0 | _aVekalet sözleşmesi |
| 264 | 1 |
_aAnkara : _bYetkin Yayınları, _c2014. |
|
| 264 | 4 | _c©2014 | |
| 300 |
_a238 pages ; _c24 cm |
||
| 336 |
_atext _btxt _2rdacontent |
||
| 337 |
_aunmediated _bn _2rdamedia |
||
| 338 |
_avolume _bnc _2rdacarrier |
||
| 504 | _aBIB | ||
| 650 | 7 |
_aVekaletname (Roma hukuku) _2etuturkob _9147871 |
|
| 942 |
_2lcc _cBK |
||
| 999 |
_c200463448 _d81660 |
||